[Event "12sen.WM-H Naumburg"]
[Site "Naumburg/Saale(20.10.-03.11.)"]
[Date "2002.10.31"]
[Round "9"]
[White "Werl, Wolfgang"]
[Black "Steffen, Guenter"]
[Result "1/2-1/2"]
[WhiteElo "2088"]
[BlackElo "1847"]
[PlyCount "111"]
[EventDate "2002.11.??"]

1. d4 b6 2. e4 Bb7 3. Bd3 e6 4. Be3 Nf6 5. Nd2 c5 6. c3 Nc6 7. Ngf3 cxd4 8.
Nxd4 Bc5 9. O-O e5 10. Nf5 O-O 11. Bxc5 bxc5 12. Nd6 Qc7 13. Nxb7 Qxb7 14. Nc4
Qc7 15. Qf3 Rfe8 16. Rfe1 Rab8 17. b3 Ne7 18. Ne3 d6 19. Bc4 Rf8 20. Rad1 Rbd8
21. Rd3 Ne8 22. Red1 g6 23. Ng4 Nc6 24. Nf6+ Kg7 25. Nxe8+ Rfxe8 26. Qh3 Ne7
27. Rf3 Rf8 28. g4 h6 29. Qg3 f6 30. h4 g5 31. h5 Nc8 32. Rfd3 Ne7 33. Qe3 Qc6
34. Bd5 Qd7 35. Qe2 Qc7 36. Qd2 Qb6 37. c4 Rfe8 38. Be6 Nc8 39. Bxc8 Rxc8 40.
Rxd6 Rc6 41. Rxc6 Qxc6 42. Qd7+ Qxd7 43. Rxd7+ Kg8 44. f3 a5 45. Kf2 a4 46. Ke2
Ra8 47. Kd3 axb3 48. axb3 Ra2 49. Kc3 Ra5 50. b4 Ra3+ 51. Kb2 cxb4 52. c5 Rc3
53. Rd6 Rxc5 54. Rxf6 Kg7 55. Rg6+ Kh7 56. Rf6 1/2-1/2

[Event "12sen.WM-H Naumburg"]
[Site "Naumburg/Saale(20.10.-03.11.)"]
[Date "2002.10.31"]
[Round "9"]
[White "Will, Michael"]
[Black "Peierl, Walter"]
[Result "0-1"]
[WhiteElo "2077"]
[BlackElo "1800"]
[PlyCount "62"]
[EventDate "2002.11.??"]

1. c4 f5 2. Nc3 Nf6 3. Nf3 g6 4. d4 Bg7 5. Bf4 d6 6. h3 O-O 7. Qc1 e6 8. Bh6
Qe7 9. Bxg7 Kxg7 10. e3 c6 11. Qc2 Na6 12. a3 Nc7 13. Be2 Bd7 14. O-O a6 15. b4
Rac8 16. c5 d5 17. Ne5 Be8 18. f4 h6 19. a4 Ne4 20. Bd3 Rh8 21. Nxe4 dxe4 22.
Bc4 g5 23. Qf2 gxf4 24. Qxf4 Qg5 25. Qxg5+ hxg5 26. Rf2 Nd5 27. Bxd5 cxd5 28.
a5 Bb5 29. Kh2 Rh7 30. g4 Rch8 31. gxf5 Rxh3+ 0-1

[Event "12sen.WM-H Naumburg"]
[Site "Naumburg/Saale(20.10.-03.11.)"]
[Date "2002.10.31"]
[Round "9"]
[White "Winiwarter, Felix_Dr"]
[Black "Didu, Kaplan"]
[Result "0-1"]
[WhiteElo "2191"]
[BlackElo "2076"]
[PlyCount "64"]
[EventDate "2002.11.??"]

1. e4 e5 2. Nf3 d6 3. d4 exd4 4. Qxd4 Nc6 5. Bb5 Bd7 6. Bxc6 Bxc6 7. Nc3 Be7 8.
O-O Bf6 9. Qd3 Ne7 10. Nd5 Ng6 11. Nxf6+ Qxf6 12. Bg5 Qe6 13. Nd4 Qg4 14. Bd2
Bxe4 15. Qb5+ c6 16. Qg5 Qxg5 17. Bxg5 O-O 18. f3 Bd5 19. Nf5 f6 20. Bd2 Rad8
21. Rfe1 Kf7 22. Bb4 c5 23. Rad1 Bc6 24. Ba3 b6 25. Nxd6+ Kg8 26. b3 Ne5 27. f4
Ng6 28. Bc1 Nh4 29. Re7 Nf5 30. Re6 Nd4 31. Rde1 Nxe6 32. Rxe6 Bd5 0-1

[Event "12sen.WM-H Naumburg"]
[Site "Naumburg/Saale(20.10.-03.11.)"]
[Date "2002.10.31"]
[Round "9"]
[White "Zhelesny, Stanislav"]
[Black "Donchenko, Anatoli"]
[Result "0-1"]
[WhiteElo "2229"]
[BlackElo "2445"]
[PlyCount "50"]
[EventDate "2002.11.??"]

1. Nf3 c5 2. d4 cxd4 3. Nxd4 Nf6 4. g3 d5 5. Bg2 e5 6. Nb3 Nc6 7. O-O a5 8. a4
Be7 9. Bg5 Be6 10. Nc3 d4 11. Nb5 O-O 12. Bxf6 gxf6 13. f4 Rc8 14. Nd2 Nb4 15.
c4 dxc3 16. bxc3 Nd5 17. Bxd5 Bxd5 18. e4 Bc6 19. fxe5 fxe5 20. Qg4+ Kh8 21.
Nf3 Qd3 22. Rae1 f5 23. exf5 Bc5+ 24. Kg2 Rxf5 25. Rxe5 Rxe5 0-1

[Event "12sen.WM-H Naumburg"]
[Site "Naumburg/Saale(20.10.-03.11.)"]
[Date "2002.10.31"]
[Round "9"]
[White "Zierott, Gert_ProfDr"]
[Black "Kummer, Heinz"]
[Result "1/2-1/2"]
[WhiteElo "1740"]
[BlackElo "2051"]
[PlyCount "30"]
[EventDate "2002.11.??"]

1. d4 Nf6 2. c4 g6 3. Nf3 Bg7 4. Nc3 O-O 5. e4 d6 6. h3 e5 7. d5 a5 8. Be3 Na6
9. a3 Bd7 10. Qc2 Ne8 11. Be2 Nc5 12. g4 g5 13. Bxg5 Bf6 14. Bh6 Bg7 15. Bg5
Bf6 1/2-1/2

[Event "12sen.WM-H Naumburg"]
[Site "Naumburg/Saale(20.10.-03.11.)"]
[Date "2002.10.31"]
[Round "9"]
[White "Zotin, Vladimir"]
[Black "Mosionzhik, Ilja"]
[Result "0-1"]
[WhiteElo "2058"]
[BlackElo "2253"]
[PlyCount "82"]
[EventDate "2002.11.??"]

1. e4 e5 2. Nf3 Nc6 3. d4 exd4 4. Nxd4 Bc5 5. c3 d6 6. Be3 Bb6 7. Nd2 Nf6 8.
Qc2 Ng4 9. Nc4 Nxe3 10. fxe3 Ne5 11. Nxb6 axb6 12. Nf3 O-O 13. Be2 Nxf3+ 14.
Bxf3 Qh4+ 15. Qf2 Qxf2+ 16. Kxf2 Ra5 17. Rhd1 Re5 18. Rd5 Rfe8 19. Rad1 Bd7 20.
Rxe5 Rxe5 21. Rd5 Re8 22. a3 Bc6 23. Rd4 Re5 24. b4 Kf8 25. c4 Ke7 26. b5 Bd7
27. Rd5 Be6 28. Rxe5 dxe5 29. c5 bxc5 30. Ke1 Kd6 31. Kd2 Bc4 32. a4 Bb3 33. a5
Bc4 34. Be2 Bxe2 35. Kxe2 c4 36. Kd2 Kc5 37. a6 bxa6 38. bxa6 Kb6 39. Kc3 Kxa6
40. Kxc4 Kb6 41. h4 h5 0-1

[Event "12sen.WM-H Naumburg"]
[Site "Naumburg/Saale(20.10.-03.11.)"]
[Date "2002.10.31"]
[Round "9"]
[White "Zunker, Reinhard_Dr"]
[Black "Jahr, Dieter"]
[Result "1-0"]
[WhiteElo "2203"]
[BlackElo "2045"]
[PlyCount "55"]
[EventDate "2002.11.??"]

1. e4 c5 2. Nf3 d6 3. d4 cxd4 4. Nxd4 g6 5. Be3 Bg7 6. Nc3 Nf6 7. f3 O-O 8. Qd2
a6 9. g4 b5 10. O-O-O Bb7 11. h4 h5 12. gxh5 Nxh5 13. Bh6 b4 14. Nce2 a5 15.
Rg1 Nc6 16. Nf5 Ne5 17. Ned4 e6 18. Nxg7 Nxg7 19. h5 Qe8 20. f4 Nd7 21. Nb5 d5
22. Nc7 Qe7 23. hxg6 Rac8 24. exd5 Bxd5 25. Nxd5 exd5 26. gxf7+ Rxf7 27. Bxg7
Rxg7 28. Qxd5+ 1-0

[Event "12sen.WM-H Naumburg"]
[Site "Naumburg/Saale(20.10.-03.11.)"]
[Date "2002.11.01"]
[Round "10"]
[White "Bachmann, Karlheinz"]
[Black "Gurgenidze, Bukhuti"]
[Result "0-1"]
[WhiteElo "2299"]
[BlackElo "2198"]
[PlyCount "68"]
[EventDate "2002.11.??"]

1. c4 Nf6 2. g3 c5 3. Bg2 Nc6 4. Nc3 g6 5. Nf3 Bg7 6. O-O O-O 7. a3 d6 8. d3 h6
9. Rb1 a5 10. Bd2 Be6 11. h3 Kh7 12. Kh2 d5 13. b3 Rb8 14. Na4 b6 15. Bc3 Qd6
16. Qc2 d4 17. Bd2 Bd7 18. e3 dxe3 19. Bxe3 e5 20. Nc3 Nd4 21. Qd1 Bc6 22. Bxd4
exd4 23. Ne2 Rfe8 24. Re1 h5 25. Neg1 Bh6 26. Rb2 b5 27. Rxe8 Rxe8 28. Nd2 h4
29. Bxc6 hxg3+ 30. fxg3 Qxc6 31. Qf3 Qxf3 32. Ngxf3 Re2+ 33. Kg1 Nh5 34. cxb5
Be3+ 0-1

[Event "12sen.WM-H Naumburg"]
[Site "Naumburg/Saale(20.10.-03.11.)"]
[Date "2002.11.01"]
[Round "10"]
[White "Badestein, Hartmut"]
[Black "Schwertel, Johann"]
[Result "1-0"]
[WhiteElo "2122"]
[BlackElo "2061"]
[PlyCount "98"]
[EventDate "2002.11.??"]

1. e4 c5 2. Nf3 Nc6 3. Bb5 e6 4. O-O a6 5. Bxc6 dxc6 6. e5 Ne7 7. d3 Ng6 8. Nc3
Qc7 9. Qe2 Be7 10. Qe4 O-O 11. h4 f5 12. exf6 gxf6 13. h5 Nh8 14. Bh6 f5 15.
Qe2 Re8 16. Ne5 Nf7 17. Nxf7 Kxf7 18. Rae1 Rg8 19. Qf3 Rg4 20. Ne4 Bd7 21. Ng3
Rag8 22. Re4 Bd6 23. Rxg4 Rxg4 24. Ne4 Be7 25. Re1 Qa5 26. Bd2 Qd8 27. Bc3 Qg8
28. Be5 Ke8 29. Nf6+ Bxf6 30. Bxf6 Qf7 31. Qxf5 Rg8 32. Qe5 Bc8 33. Re3 Qd7 34.
Qxc5 Rf8 35. Qe5 Qd5 36. Qxd5 cxd5 37. Be5 Rf5 38. g4 Rf7 39. d4 Bd7 40. Kg2
Kf8 41. Kg3 Kg8 42. f3 Rf8 43. Kh4 h6 44. Kg3 Rc8 45. Rb3 b5 46. Kf4 Rxc2 47.
g5 hxg5+ 48. Kxg5 Rg2+ 49. Kh6 Be8 1-0

[Event "12sen.WM-H Naumburg"]
[Site "Naumburg/Saale(20.10.-03.11.)"]
[Date "2002.11.01"]
[Round "10"]
[White "Barnstedt, Dietrich"]
[Black "Simon, Eberhard"]
[Result "1-0"]
[WhiteElo "2035"]
[BlackElo "1819"]
[PlyCount "45"]
[EventDate "2002.11.??"]

1. d4 Nf6 2. Nf3 c6 3. e3 e6 4. Nbd2 d5 5. Bd3 c5 6. c3 Nc6 7. O-O Qc7 8. dxc5
Bxc5 9. e4 O-O 10. e5 Ng4 11. Bxh7+ Kxh7 12. Ng5+ Kg8 13. Qxg4 Qxe5 14. Ndf3
Qf6 15. Qh3 Re8 16. Qh7+ Kf8 17. Ne4 dxe4 18. Bg5 exf3 19. Qh8+ Ke7 20. Qxg7
Qxg5 21. Qxg5+ Kd7 22. Rad1+ Bd4 23. Rxd4+ 1-0

[Event "12sen.WM-H Naumburg"]
[Site "Naumburg/Saale(20.10.-03.11.)"]
[Date "2002.11.01"]
[Round "10"]
[White "Becker, Karl_Heinz[31Dorm]"]
[Black "Klebaner, Yakov"]
[Result "1/2-1/2"]
[WhiteElo "1562"]
[BlackElo "2041"]
[PlyCount "121"]
[EventDate "2002.11.??"]

1. e4 c5 2. Nf3 a6 3. b3 d6 4. Bb2 e5 5. c4 f5 6. d3 Nf6 7. Nc3 g6 8. h3 Bg7 9.
Be2 O-O 10. O-O Nc6 11. Nd5 Nxd5 12. cxd5 Nb8 13. Bc1 h6 14. Bd2 Kh7 15. Nh2
Nd7 16. f3 Nf6 17. g4 f4 18. Be1 Bd7 19. Kg2 Rg8 20. h4 Ne8 21. Rh1 a5 22. a4
Nc7 23. Nf1 Na6 24. Nd2 Nb4 25. Nc4 Bf8 26. Bxb4 axb4 27. a5 Be8 28. Rb1 Be7
29. Qe1 Kg7 30. Rh2 Bf7 31. Qh1 Rh8 32. Rg1 Be8 33. Kf2 Bb5 34. h5 Bxc4 35.
dxc4 g5 36. Rb1 Rxa5 37. Rb2 Qa8 38. Qc1 Ra1 39. Qc2 Qa3 40. Bf1 Ra8 41. Kg1
Bd8 42. Re2 Ra5 43. Rd2 Kf7 44. Kg2 Bb6 45. Be2 Ke7 46. Bf1 Kd8 47. Be2 Kc7 48.
Bf1 Kb8 49. Be2 Re1 50. Rb1 Rxb1 51. Qxb1 Qa1 52. Qxa1 Rxa1 53. Rb2 Ba7 54. Kf2
b5 55. Kg2 bxc4 56. Bxc4 Kb7 57. Be2 Bb6 58. Bf1 Ba5 59. Be2 Kb6 60. Kf2 Rc1
61. Bc4 1/2-1/2

[Event "12sen.WM-H Naumburg"]
[Site "Naumburg/Saale(20.10.-03.11.)"]
[Date "2002.11.01"]
[Round "10"]
[White "Bergmann, Hans_Dieter"]
[Black "Rost, Wolfgang_Dr"]
[Result "0-1"]
[WhiteElo "1496"]
[BlackElo "1839"]
[PlyCount "76"]
[EventDate "2002.11.??"]

1. e4 c5 2. Nf3 Nc6 3. d4 cxd4 4. Nxd4 Nf6 5. Nc3 e5 6. Ndb5 d6 7. Bg5 a6 8.
Na3 b5 9. Nd5 Be7 10. Bxf6 Bxf6 11. Bxb5 axb5 12. Nxb5 Ra4 13. Nxf6+ gxf6 14.
Nxd6+ Ke7 15. c3 Qa5 16. a3 Rd8 17. Nxc8+ Rxc8 18. b4 Qa6 19. Qb3 Qd3 20. Rd1
Qxe4+ 21. Kf1 Rca8 22. f3 Qf5 23. Qd5 Qe6 24. Qc5+ Ke8 25. Rd6 Qe7 26. Qxc6+
Kf8 27. Rd7 Qe8 28. Qd6+ Kg7 29. Kf2 Rxa3 30. Rc1 Ra2+ 31. Kg3 Rb2 32. Qd5 Raa2
33. Rg1 Rc2 34. b5 Rd2 35. Qxd2 Rxd2 36. Rxd2 Qxb5 37. Rc1 Qc4 38. Rb2 Qf4+ 0-1

[Event "12sen.WM-H Naumburg"]
[Site "Naumburg/Saale(20.10.-03.11.)"]
[Date "2002.11.01"]
[Round "10"]
[White "Boeven, Manfred"]
[Black "Rubinstein, Mark"]
[Result "1/2-1/2"]
[WhiteElo "2154"]
[BlackElo "2012"]
[PlyCount "96"]
[EventDate "2002.11.??"]

1. d4 Nf6 2. Nc3 d5 3. Bg5 Nbd7 4. Nf3 h6 5. Bh4 g6 6. e3 Bg7 7. Bd3 O-O 8. O-O
c6 9. h3 g5 10. Bg3 Ne8 11. Ne5 f5 12. f4 e6 13. fxg5 hxg5 14. Qh5 Nxe5 15.
Bxe5 Bxe5 16. dxe5 Rf7 17. Ne2 Rh7 18. Qf3 Ng7 19. Nd4 c5 20. Nb5 c4 21. Be2
Ne8 22. g4 f4 23. Rad1 Qb6 24. Nd4 Rf7 25. exf4 gxf4 26. Qc3 Nc7 27. Qd2 Bd7
28. c3 Raf8 29. Rf3 Nb5 30. Rdf1 Qc7 31. Nxb5 Bxb5 32. Qd4 Qb6 33. Qxb6 axb6
34. Bd1 Bc6 35. R3f2 Kg7 36. Kh2 b5 37. a3 d4 38. cxd4 f3 39. Kg3 Rf4 40. Bxf3
Rxd4 41. Bxc6 Rxf2 42. Rxf2 bxc6 43. Rf6 Rd2 44. Rxe6 Rxb2 45. Rxc6 Rb3+ 46.
Kf4 Rxa3 47. Kg5 Rxh3 48. Rc7+ Kf8 1/2-1/2

[Event "12sen.WM-H Naumburg"]
[Site "Naumburg/Saale(20.10.-03.11.)"]
[Date "2002.11.01"]
[Round "10"]
[White "Bogorad, Michail"]
[Black "Baumgartner, Heinz"]
[Result "0-1"]
[WhiteElo "2197"]
[BlackElo "2340"]
[PlyCount "174"]
[EventDate "2002.11.??"]

1. e4 d5 2. exd5 Qxd5 3. Nc3 Qa5 4. d4 c6 5. Nf3 Bf5 6. Be2 e6 7. O-O Nd7 8. a3
Ngf6 9. Re1 Bd6 10. h3 Rd8 11. Bf1 h6 12. Qe2 O-O 13. Ne5 Bb8 14. f4 Qb6 15.
Qf2 Nd5 16. Nxd5 exd5 17. g4 Be4 18. c3 f5 19. Ng6 Rf6 20. Ne7+ Kh8 21. Nxf5
Bxf5 22. gxf5 Rxf5 23. Bd3 Rf7 24. b4 Rdf8 25. Bg6 Rf6 26. Bb1 Bxf4 27. Qc2 g6
28. Bxf4 Rxf4 29. Re7 Nf6 30. Qg2 g5 31. Bd3 Rxd4 32. Rxb7 Qxb7 33. cxd4 Nh5
34. Qe2 Qg7 35. Qe5 Nf4 36. Bf1 Qxe5 37. dxe5 Re8 38. Rc1 Re6 39. Rc5 Ng6 40.
b5 cxb5 41. Rxb5 Rxe5 42. Ra5 Re7 43. Rxd5 Kg7 44. a4 Nf4 45. Rd6 h5 46. a5 h4
47. a6 Re3 48. Rd7+ Kg6 49. Rxa7 Nxh3+ 50. Kh2 Nf2 51. Ra8 Ng4+ 52. Kg1 Rg3+
53. Kh1 Ra3 54. Rf8 Kg7 55. Rf5 Kg6 56. Rf8 Ra1 57. Rf3 Ne3 58. Rxe3 Rxf1+ 59.
Kg2 Ra1 60. Re6+ Kf5 61. Rb6 Ra2+ 62. Kh3 Ra3+ 63. Kg2 Kg4 64. Rb4+ Kh5 65. Rb6
h3+ 66. Kh2 Kh4 67. Rh6+ Kg4 68. Rb6 Ra2+ 69. Kh1 Kg3 70. Rb3+ Kh4 71. Rb4+ g4
72. Rb1 Rxa6 73. Rc1 Ra3 74. Rb1 Ra2 75. Rc1 Rd2 76. Rb1 g3 77. Ra1 Kg4 78. Rb1
Kf4 79. Rf1+ Ke3 80. Re1+ Re2 81. Rb1 Rc2 82. Rb3+ Kf2 83. Rb1 Ke2 84. Rg1 Rc3
85. Ra1 Kd2 86. Ra2+ Rc2 87. Ra1 Rc1+ 0-1

[Event "12sen.WM-H Naumburg"]
[Site "Naumburg/Saale(20.10.-03.11.)"]
[Date "2002.11.01"]
[Round "10"]
[White "Breustedt, Werner"]
[Black "Werchan, Hans_Dr"]
[Result "1/2-1/2"]
[WhiteElo "2264"]
[BlackElo "2121"]
[PlyCount "58"]
[EventDate "2002.11.??"]

1. d4 Nf6 2. c4 g6 3. Nc3 Bg7 4. e4 d6 5. Bg5 O-O 6. Qd2 Re8 7. Bd3 Nbd7 8.
Nge2 c6 9. O-O e5 10. d5 Qc7 11. Ng3 a6 12. Rfc1 Nc5 13. Be2 a5 14. b3 Rf8 15.
Rab1 Ne8 16. Be3 Na6 17. Na4 c5 18. Rf1 Bd7 19. Nc3 Qd8 20. a4 b6 21. f4 exf4
22. Bxf4 Qe7 23. h3 h5 24. Bf3 Be5 25. Nge2 Ng7 26. Rbe1 Rae8 27. Bxe5 Qxe5 28.
Qh6 Nb4 29. Kh1 Re7 1/2-1/2

[Event "12sen.WM-H Naumburg"]
[Site "Naumburg/Saale(20.10.-03.11.)"]
[Date "2002.11.01"]
[Round "10"]
[White "Broberg, Horst"]
[Black "Perk, Egbert"]
[Result "1/2-1/2"]
[WhiteElo "2157"]
[BlackElo "1910"]
[PlyCount "73"]
[EventDate "2002.11.??"]

1. e4 d6 2. d4 Nd7 3. Nf3 c6 4. c4 e5 5. Be2 Be7 6. O-O Ngf6 7. Nc3 O-O 8. h3
Ne8 9. Be3 Nc7 10. Qd2 exd4 11. Nxd4 Ne5 12. f4 Ng6 13. Rad1 d5 14. cxd5 cxd5
15. e5 Bb4 16. a3 Bxc3 17. Qxc3 Bd7 18. Qb3 b6 19. Rc1 Rc8 20. Bf3 Ne6 21. Bxd5
Rxc1 22. Rxc1 Nxd4 23. Bxd4 Nxf4 24. Qf3 Be6 25. Qxf4 Qxd5 26. Kh2 Rd8 27. Bc3
h6 28. Re1 Qd3 29. Qe3 Qxe3 30. Rxe3 Rd7 31. Kg3 Bc4 32. Kf2 a5 33. Re4 Be6 34.
Ke3 Rd1 35. Rd4 Rxd4 36. Kxd4 a4 37. h4 1/2-1/2

[Event "12sen.WM-H Naumburg"]
[Site "Naumburg/Saale(20.10.-03.11.)"]
[Date "2002.11.01"]
[Round "10"]
[White "Burreh, Heinz"]
[Black "Beckel, Friedrich"]
[Result "0-1"]
[WhiteElo "1826"]
[BlackElo "2039"]
[PlyCount "102"]
[EventDate "2002.11.??"]

1. e4 c5 2. Nf3 d6 3. Bb5+ Bd7 4. Bxd7+ Qxd7 5. d4 cxd4 6. Nxd4 Nf6 7. Nc3 g6
8. O-O Bg7 9. Be3 O-O 10. Qd2 Nc6 11. Nxc6 bxc6 12. Bh6 Bxh6 13. Qxh6 Ng4 14.
Qd2 f5 15. h3 Ne5 16. b3 fxe4 17. Nxe4 Qf5 18. Ng3 Qxh3 19. gxh3 Nf3+ 20. Kg2
Nxd2 21. Rfd1 Nf3 22. Rd3 Ne5 23. Re3 a5 24. Rf1 g5 25. Ne4 h6 26. Nc5 Rf6 27.
a4 Ra7 28. Ne4 Rf4 29. Ng3 Ng6 30. Nh5 Rh4 31. Ng3 Nf4+ 32. Kf3 Rxh3 33. Kg4
Rh4+ 34. Kf3 Ng6 35. Rfe1 Rf4+ 36. Kg2 Nh4+ 37. Kf1 Kf7 38. Nh5 Rf5 39. Ng3 Rf3
40. Re4 e5 41. Rc4 Rc7 42. Rd1 Ke6 43. Ke2 Rf4 44. Ne4 d5 45. Nc5+ Kd6 46. Rc3
Rcf7 47. f3 Rxf3 48. Ne4+ Kc7 49. Rxd5 Rxc3 50. Rxa5 Rxc2+ 51. Kd3 Rcf2 0-1

[Event "12sen.WM-H Naumburg"]
[Site "Naumburg/Saale(20.10.-03.11.)"]
[Date "2002.11.01"]
[Round "10"]
[White "Chehlov, Alexander"]
[Black "Niebling, Ferdinand"]
[Result "1-0"]
[WhiteElo "2274"]
[BlackElo "2131"]
[PlyCount "99"]
[EventDate "2002.11.??"]

1. e4 e6 2. d4 d5 3. Nd2 Nf6 4. e5 Nfd7 5. Ngf3 c5 6. c3 Nc6 7. Be2 cxd4 8.
cxd4 f6 9. exf6 Nxf6 10. O-O Bd6 11. b3 O-O 12. Bb2 Qb6 13. a3 Bd7 14. b4 a6
15. Bd3 Rae8 16. Re1 Re7 17. Nb3 Be8 18. Nc5 Bxc5 19. dxc5 Qc7 20. Ne5 Nd7 21.
Nxd7 Qxd7 22. Qc2 h6 23. Be5 Nxe5 24. Rxe5 Rf6 25. Rae1 Bf7 26. a4 Qe8 27. b5
axb5 28. axb5 Bg6 29. Bxg6 Rxg6 30. g3 Rg4 31. Qe2 Rc4 32. Rxd5 exd5 33. Qxe7
Qxe7 34. Rxe7 Rxc5 35. Rxb7 d4 36. Kf1 d3 37. Ke1 Rc1+ 38. Kd2 Rc2+ 39. Kxd3
Rxf2 40. b6 Rxh2 41. Rc7 Rb2 42. b7 Kh7 43. Kc3 Rb1 44. Kc4 h5 45. Kc5 Rb2 46.
Rd7 Rb1 47. Kc6 Kh6 48. Rd5 Rxb7 49. Kxb7 g5 50. Rd6+ 1-0

[Event "12sen.WM-H Naumburg"]
[Site "Naumburg/Saale(20.10.-03.11.)"]
[Date "2002.11.01"]
[Round "10"]
[White "Daniel, Wolfgang"]
[Black "Maugg, Ludwig"]
[Result "1/2-1/2"]
[WhiteElo "1885"]
[BlackElo "2142"]
[PlyCount "26"]
[EventDate "2002.11.??"]

1. e4 c5 2. c4 d6 3. Ne2 Nf6 4. Nbc3 Qa5 5. d3 Nc6 6. Bd2 Qd8 7. h3 g6 8. Be3
Bg7 9. d4 cxd4 10. Nxd4 O-O 11. Be2 Bd7 12. O-O Nxd4 13. Bxd4 Bc6 1/2-1/2

[Event "12sen.WM-H Naumburg"]
[Site "Naumburg/Saale(20.10.-03.11.)"]
[Date "2002.11.01"]
[Round "10"]
[White "De_Mol, Fer"]
[Black "Otto, Klaus"]
[Result "1/2-1/2"]
[WhiteElo "1313"]
[BlackElo "1652"]
[PlyCount "106"]
[EventDate "2002.11.??"]

1. e4 e6 2. d4 d5 3. Bd3 Nf6 4. e5 Nfd7 5. Bf4 c5 6. c3 Nc6 7. Nf3 Qb6 8. Qb3
cxd4 9. Qxb6 Nxb6 10. cxd4 Nb4 11. Ke2 Bd7 12. b3 Rc8 13. Rc1 Rxc1 14. Bxc1
Nxd3 15. Kxd3 Bb5+ 16. Ke3 g6 17. Kd2 Kd7 18. Ba3 Bh6+ 19. Kd1 Rc8 20. Nbd2 a5
21. Rc1 Rxc1+ 22. Kxc1 a4 23. Kc2 Be2 24. Bb4 axb3+ 25. axb3 Kc6 26. Ng1 Bb5
27. Ngf3 Kd7 28. Ba5 Nc8 29. Nb1 Ne7 30. Bd2 Bxd2 31. Kxd2 h6 32. Kc3 Bf1 33.
Ne1 Nf5 34. Nd2 Be2 35. f4 Kc6 36. g3 b5 37. Ndf3 Bd1 38. b4 Be2 39. Kd2 Bf1
40. Kc3 Kd7 41. Nd2 Ne3 42. Nxf1 Nxf1 43. Nf3 Ne3 44. Kd3 Nf5 45. Kc3 Ne7 46.
Kd3 Nc6 47. Kc3 Ke7 48. h4 Kf8 49. g4 Kg7 50. g5 Ne7 51. Kd3 Nf5 52. Ke2 Ng3+
53. Kd3 Nf5 1/2-1/2

[Event "12sen.WM-H Naumburg"]
[Site "Naumburg/Saale(20.10.-03.11.)"]
[Date "2002.11.01"]
[Round "10"]
[White "Demmer, Wolfgang"]
[Black "Will, Michael"]
[Result "1-0"]
[WhiteElo "1753"]
[BlackElo "2077"]
[PlyCount "114"]
[EventDate "2002.11.??"]

1. e4 c6 2. Nc3 g6 3. d4 d5 4. Nf3 Bg4 5. exd5 cxd5 6. h3 Bxf3 7. Qxf3 e6 8.
Bb5+ Nc6 9. O-O Bg7 10. Re1 Nge7 11. Ne2 O-O 12. c3 Nf5 13. Bd3 Nfe7 14. Bf4 f6
15. Qg4 Qc8 16. Ng3 e5 17. Qxc8 Raxc8 18. dxe5 fxe5 19. Be3 d4 20. cxd4 exd4
21. Bg5 Bf6 22. Bxf6 Rxf6 23. Ne4 Rff8 24. Rad1 Nb4 25. Bb1 Nf5 26. a3 Nc6 27.
Ng5 Rfe8 28. Nf3 Rxe1+ 29. Rxe1 Nfe7 30. Ba2+ Kf8 31. Rd1 Rd8 32. Rd3 h6 33.
Bb1 Kf7 34. Kf1 Kf6 35. Ke2 Nd5 36. g3 Nde7 37. Rd2 g5 38. Be4 Rd6 39. Kd1 h5
40. g4 hxg4 41. hxg4 Rd7 42. Kc2 Ne5 43. Rxd4 Rc7+ 44. Kb3 Nxg4 45. Rd6+ Kf7
46. Nxg5+ Ke8 47. f3 Ne5 48. Ne6 Rd7 49. Rxd7 Kxd7 50. Nc5+ Kc7 51. Nxb7 Ng8
52. Na5 Nf6 53. Nc4 Ned7 54. Kc3 Nxe4+ 55. fxe4 Nf6 56. Kd4 Kd7 57. e5 Ke6 1-0

[Event "12sen.WM-H Naumburg"]
[Site "Naumburg/Saale(20.10.-03.11.)"]
[Date "2002.11.01"]
[Round "10"]
[White "Dietze, Otto"]
[Black "Assmann, Hans"]
[Result "1/2-1/2"]
[WhiteElo "2126"]
[BlackElo "1575"]
[PlyCount "28"]
[EventDate "2002.11.??"]

1. e4 c5 2. Nf3 d6 3. d4 cxd4 4. Nxd4 Nf6 5. Nc3 a6 6. Be2 e5 7. Nb3 Be7 8. Bg5
Nbd7 9. Qd2 O-O 10. O-O-O b5 11. f3 Bb7 12. h4 Rb8 13. g4 b4 14. Nd5 Bxd5
1/2-1/2

[Event "12sen.WM-H Naumburg"]
[Site "Naumburg/Saale(20.10.-03.11.)"]
[Date "2002.11.01"]
[Round "10"]
[White "Dille, Janis"]
[Black "Kraft, Gerhard"]
[Result "1-0"]
[WhiteElo "2158"]
[BlackElo "1819"]
[PlyCount "120"]
[EventDate "2002.11.??"]

1. e4 e5 2. Nf3 Nc6 3. Bc4 Bc5 4. c3 Nf6 5. d4 exd4 6. cxd4 Bb4+ 7. Nc3 Nxe4 8.
O-O Bxc3 9. d5 Ne7 10. bxc3 d6 11. Re1 Nc5 12. Bg5 f6 13. Qd4 O-O 14. Bh4 Nf5
15. Qd2 Bd7 16. Bg3 Re8 17. Nd4 Re4 18. f3 Rxe1+ 19. Rxe1 Nxd4 20. cxd4 Na4 21.
Bb3 Nb6 22. h4 Qf8 23. Qd3 Re8 24. Rc1 Rc8 25. Qd2 Be8 26. Kh2 Bf7 27. Qa5 a6
28. a4 Qd8 29. Qb4 Rb8 30. Qc3 Na8 31. Bf4 Qd7 32. g4 Re8 33. Kg3 Re7 34. a5
Qb5 35. Bc4 Qe8 36. Rb1 b6 37. Bxa6 Bxd5 38. Bd3 Qc6 39. Qxc6 Bxc6 40. axb6
cxb6 41. Rc1 Bb7 42. Bf5 d5 43. Bc8 Kf7 44. Bd6 Bxc8 45. Bxe7 Bd7 46. Bd6 b5
47. Bc7 b4 48. Ba5 b3 49. Rc3 Ba4 50. Rc1 Ke6 51. Kf4 Bb5 52. Ke3 Bc4 53. Kd2
Kd7 54. Re1 Kc6 55. Kc3 Kb5 56. Bd8 Nb6 57. Bxb6 Kxb6 58. Re7 g5 59. hxg5 fxg5
60. Rxh7 Kc6 1-0

[Event "12sen.WM-H Naumburg"]
[Site "Naumburg/Saale(20.10.-03.11.)"]
[Date "2002.11.01"]
[Round "10"]
[White "Donchenko, Anatoli"]
[Black "Katalymov, Boris"]
[Result "1/2-1/2"]
[WhiteElo "2448"]
[BlackElo "2378"]
[PlyCount "20"]
[EventDate "2002.11.??"]

1. Nf3 Nf6 2. g3 d5 3. d4 g6 4. Bg2 Bg7 5. O-O O-O 6. Bf4 c6 7. c3 Bf5 8. Nbd2
Nbd7 9. a4 a5 10. Qb3 Qb6 1/2-1/2

[Event "12sen.WM-H Naumburg"]
[Site "Naumburg/Saale(20.10.-03.11.)"]
[Date "2002.11.01"]
[Round "10"]
[White "Dorawa, Bernhard"]
[Black "Neese, Hans_Joachim"]
[Result "1/2-1/2"]
[WhiteElo "2148"]
[BlackElo "2247"]
[PlyCount "94"]
[EventDate "2002.11.??"]

1. e4 c5 2. Nc3 Nc6 3. g3 g6 4. Bg2 Bg7 5. d3 e6 6. Be3 d6 7. Qd2 Rb8 8. Nge2
b5 9. O-O Nd4 10. Nd1 Nxe2+ 11. Qxe2 Nf6 12. d4 Nd7 13. dxc5 dxc5 14. Qd2 O-O
15. Bh6 Nb6 16. Qxd8 Rxd8 17. Bxg7 Kxg7 18. b3 Rd4 19. Ne3 Bb7 20. f3 Rbd8 21.
Rfd1 e5 22. Kf2 b4 23. Ke1 a5 24. a3 Ra8 25. axb4 axb4 26. Rxa8 Rxd1+ 27. Kxd1
Bxa8 28. c3 bxc3 29. Kc2 f6 30. Kxc3 Bc6 31. Nc4 Nd7 32. Bh3 Nb8 33. Na5 Bb5
34. Nb7 Na6 35. Nd6 Be2 36. Bg2 Kf8 37. Kd2 Ke7 38. Nb7 Bb5 39. f4 Kd7 40. Na5
Kc7 41. fxe5 fxe5 42. Kc3 Nb4 43. Nc4 Bxc4 44. Kxc4 Kd6 45. Kc3 Nc6 46. Bf1 g5
47. Be2 Nd4 1/2-1/2

[Event "12sen.WM-H Naumburg"]
[Site "Naumburg/Saale(20.10.-03.11.)"]
[Date "2002.11.01"]
[Round "10"]
[White "Dornieden, Manfred_Dr"]
[Black "Hoeschele, Hans_Ulrich"]
[Result "1/2-1/2"]
[WhiteElo "2299"]
[BlackElo "2159"]
[PlyCount "129"]
[EventDate "2002.11.??"]

1. c4 e5 2. g3 d6 3. Bg2 c6 4. Nc3 Nf6 5. Nf3 Be7 6. O-O O-O 7. d4 e4 8. Ne1 d5
9. Nc2 Be6 10. Bf4 Nbd7 11. cxd5 cxd5 12. h3 Nh5 13. e3 Nxf4 14. exf4 Nb6 15.
Ne3 Qd7 16. Kh2 Rfc8 17. Qe2 g6 18. Rfd1 Rc6 19. Bxe4 Rxc3 20. bxc3 dxe4 21. d5
Nxd5 22. Nxd5 Qxd5 23. Rxd5 Bxd5 24. Rd1 Bc6 25. Qc4 Re8 26. a4 a6 27. Rd5 Bf8
28. Re5 Rd8 29. Rxe4 Rd2 30. Qf1 Bxe4 31. Qe1 Ra2 32. Qxe4 Rxf2+ 33. Kg1 Rb2
34. Kf1 a5 35. f5 b6 36. h4 Bc5 37. Qe8+ Kg7 38. Qe5+ Kg8 39. Ke1 Rc2 40. Kd1
Rf2 41. f6 h5 42. Qe8+ Bf8 43. Qd8 Ra2 44. Qxb6 Rxa4 45. Kc2 Rg4 46. Qxa5 Rxg3
47. Qb6 Rg4 48. Qf2 Rc4 49. Kb3 Rc5 50. c4 Rf5 51. Qb6 Rf3+ 52. Kc2 Rf4 53. Kd3
Rf3+ 54. Ke4 Rf5 55. Qd8 Rc5 56. Kd4 Rf5 57. Qe7 Ra5 58. Qd8 Rf5 59. Qc7 Ba3
60. Ke4 Bf8 61. Kd4 Ba3 62. Ke4 Bf8 63. Qd8 Rc5 64. Kd3 Re5 65. Kd4 1/2-1/2